<?xml version="1.0" encoding="UTF-8"?>
<record
    xmlns:xsi="http://www.w3.org/2001/XMLSchema-instance"
    xsi:schemaLocation="http://www.loc.gov/MARC21/slim http://www.loc.gov/standards/marcxml/schema/MARC21slim.xsd"
    xmlns="http://www.loc.gov/MARC21/slim">

  <leader>01221nam a2200241Ia 4500</leader>
  <controlfield tag="001">IA_5018,18/01/2013,18/01/2013,5232272012                          mx dine8223223322spa16,"</controlfield>
  <controlfield tag="002">Ensenada</controlfield>
  <controlfield tag="008">220117sEnsenada    xx            000 0 und d</controlfield>
  <datafield tag="010" ind1=" " ind2=" ">
    <subfield code="a">184577</subfield>
  </datafield>
  <datafield tag="090" ind1=" " ind2=" ">
    <subfield code="a">T.C.580 P47 EIUPA 2012</subfield>
  </datafield>
  <datafield tag="100" ind1=" " ind2=" ">
    <subfield code="a">P&#xE9;rez Rom&#xE1;n</subfield>
    <subfield code="9">157340</subfield>
  </datafield>
  <datafield tag="260" ind1=" " ind2=" ">
    <subfield code="a">M&#xE9;xico  :</subfield>
    <subfield code="b">El autor,</subfield>
    <subfield code="c">Ensenada</subfield>
  </datafield>
  <datafield tag="300" ind1=" " ind2=" ">
    <subfield code="a">37 h.</subfield>
  </datafield>
  <datafield tag="502" ind1=" " ind2=" ">
    <subfield code="a">Viaje de estudios (EIUPA) -- UACh. Departamento de Ingenier&#xED;a Agroindustrial</subfield>
  </datafield>
  <datafield tag="505" ind1=" " ind2=" ">
    <subfield code="a">4 planos \ 1. Plano distribuci&#xF3;n de &#xE1;reas (Esc. 1:4) \ 2. Plano de distribuci&#xF3;n de equipo (Esc. 1:3) \ 3. Diagrama de tuber&#xED;a e instrumentaci&#xF3;n de equipo de mezclado \ 4. Diagrama de flujo de proceso</subfield>
  </datafield>
  <datafield tag="650" ind1=" " ind2=" ">
    <subfield code="a">Food industry</subfield>
    <subfield code="x">Mexico</subfield>
    <subfield code="x">Baja California Norte  </subfield>
    <subfield code="9">157341</subfield>
  </datafield>
  <datafield tag="650" ind1=" " ind2=" ">
    <subfield code="a">Industria de los alimentos</subfield>
    <subfield code="x">M&#xE9;xico</subfield>
    <subfield code="x">Baja California Norte  </subfield>
    <subfield code="9">157342</subfield>
  </datafield>
  <datafield tag="650" ind1=" " ind2=" ">
    <subfield code="a">Tomates  </subfield>
    <subfield code="9">148443</subfield>
  </datafield>
  <datafield tag="650" ind1=" " ind2=" ">
    <subfield code="a">Tomatoes</subfield>
    <subfield code="9">148444</subfield>
  </datafield>
  <datafield tag="904" ind1=" " ind2=" ">
    <subfield code="a">Ensenada</subfield>
  </datafield>
  <datafield tag="942" ind1=" " ind2=" ">
    <subfield code="c">2012 \ Coordinaci&#xF3;n: Arturo P&#xE9;rez Rom&#xE1;n y Artemio P&#xE9;rez L&#xF3;pez \ 7&#xB0; a&#xF1;o Grupo 4</subfield>
  </datafield>
  <datafield tag="999" ind1=" " ind2=" ">
    <subfield code="c">184577</subfield>
    <subfield code="d">184577</subfield>
  </datafield>
</record>
